000 00792nam a22002177a 4500
005 2012090601341.0
008 120906t xxu||||| |||| 00| 0 eng d
010 _aENG-105789
020 _a9788182472693
_c695.00
035 _aEN-89322
037 _bDBAD/PUB
040 _aDPL
_bEnglish
082 _a581.6340954
100 _aWanchoo, K.N.
_952052
245 _aMedicinal plants of India /
_cby K.N. Wanchoo
260 _aChandigarh
_bWhite Leaf International
_c2012
270 _aS.C.O. 57-59, Sector-17C Basement
_bChandigarh
_e17
300 _a290p. :
_c23cm(Hb)
_bill.
942 _2ddc
_cEN
_h581.6340954
_mWAN
999 _c69746
_d69746